Jeunes proies

محفوظ في:
التفاصيل البيبلوغرافية
المؤلف الرئيسي: Peyrefitte, Roger
التنسيق: كتاب
اللغة:الإنجليزية
الوسوم: إضافة وسم
لا توجد وسوم, كن أول من يضع وسما على هذه التسجيلة!

MARC

LEADER 00000nam a2200000 4500
001 CDOM0000002521
003 mi
005 20250825102555.0
008 250825b |||||||| |||| 00| 0 eng d
040 |c mi 
100 |a Peyrefitte, Roger 
245 1 |a Jeunes proies  
942 |2 ddc  |c BK 
952 |0 0  |1 0  |2 ddc  |4 0  |7 1  |9 6040  |a MI  |b MI  |d 1987-12-10  |i 703  |l 0  |p CDOM703  |r 2025-07-13 16:28:00  |w 2025-07-13  |x DONO  |y BK 
999 |c 4824  |d 4824